Chorvátsko na ceste k udržateľnému cestovnému ruchu
Skúmanie súčasného stavu vývoja turizmu v Chorvátsku a vyzdvihnutie prístupu chorvátskej vlády k udržateľnosti a odolnosti krajiny.
Na minha lista:
| Autor principal: | |
|---|---|
| Formato: | Capítulo de Livro |
| Idioma: | eslovaco |
| Assuntos: | |
| Tags: |
Sem tags, seja o primeiro a adicionar uma tag!
|
MARC
| LEADER | 00000naa a2200000 4500 | ||
|---|---|---|---|
| 001 | 0303313 | ||
| 005 | 20240801091211.2 | ||
| 041 | 0 | |a slo | |
| 044 | |a SK | ||
| 245 | 1 | 0 | |a Chorvátsko na ceste k udržateľnému cestovnému ruchu |c Marián Gúčik |
| 520 | |a Skúmanie súčasného stavu vývoja turizmu v Chorvátsku a vyzdvihnutie prístupu chorvátskej vlády k udržateľnosti a odolnosti krajiny. | ||
| 610 | 2 | 0 | |a Chorvátsko |
| 610 | 2 | 0 | |a ruch cestovný |
| 610 | 2 | 0 | |a ruch cestovný udržateľný |
| 610 | 2 | 0 | |a udržateľnosť |
| 610 | 2 | 0 | |a zákony |
| 610 | 2 | 0 | |a právo |
| 610 | 2 | 0 | |a legislatíva |
| 100 | 1 | |a Gúčik, Marián | |